LEADER 00886nam0 22002531i 450 001 UON00215938 005 20231205103353.927 100 $a20030730f |0itac50 ba 101 $ahun 102 $aHU 105 $a|||| ||||| 200 1 $aAnekdoták$fMikszáth Kálmán 210 $aBudapest$cRévai Kiadás, [s.d.] 215 $a2 v.$d17 cm. 620 $aHU$dBudapest$3UONL000090 676 $a894.5113$cLetteratura ungherese. Narrativa$v21 700 1$aMIKSZATH$bKálmán$3UONV130607$0490521 712 $aRevai$3UONV280140$4650 801 $aIT$bSOL$c20241220$gRICA 899 $aSIBA - SISTEMA BIBLIOTECARIO DI ATENEO$2UONSI 912 $aUON00215938 950 $aSIBA - SISTEMA BIBLIOTECARIO DI ATENEO$dSI UNGHERESE A MIK 0007 $eSI FU 779 5 0007 996 $aAnekdoták$91263507 997 $aUNIOR LEADER 02257oam 2200457z- 450 001 9910135354803321 005 20200403103654.0 035 $a(CKB)3790000000000732 035 $a(BIP)042797464 035 $a(Perlego)2363039 035 $a(EXLCZ)993790000000000732 100 $a20210326d2013 uy | 101 0 $aita 200 00$aForme del politico tra Ottocento e Novecento $eStudi di storia per Raffaele Romanelli 205 $a1. ed. 210 $aRoma $cViella$d2012 215 $a323 p. ;$d21 cm 225 0 $aStudi del Dipartimento di storia, culture, religioni / Sapienza-Universita? di Roma ;$v8 311 08$a9788883349393 311 08$a8883349393 311 08$a9788867280278 311 08$a8867280279 320 $aBibliography of works by Raffaele Romanelli: p. [301]-308. 320 $aIncludes bibliographical references and index. 330 8 $aI quindici studi di storia dell'Ottocento e del Novecento presentati in questo volume sono stati pensati e scritti per festeggiare Raffaele Romanelli e la sua attivita? di studioso e ricercatore in occasione del suo settantesimo compleanno. I sistemi liberali ottocenteschi, il fascismo e le transizioni di regime rappresentano gli snodi principali attorno ai quali si muovono i saggi qui raccolti, che combinano in modo originale e in un continuo dialogo con il presente storia della societa?, del diritto, della politica e della cultura, mescolandoli con un approccio comparativo. La loro varieta? vuole essere testimonianza allo stesso tempo dei molteplici interessi e curiosita? intellettuali di Raffaele Romanelli, della sua pratica storiografica e del suo insegnamento. 517 $aForme del politico tra Ottocento e Novecento 607 $aEurope$xPolitics and government$y19th century 607 $aEurope$xPolitics and government$y20th century 610 $aWorld history 610 $aHistory 700 $aBetta$b Emmanuel$0500594 702 $aCaglioti$b Daniela Luigia. 702 $aPapadia$b Elena. 702 $aRomanelli$b Raffaele$f1942- 801 0$bItFiC 801 1$bItFiC 801 2$bDLC 906 $aBOOK 912 $a9910135354803321 996 $aForme del politico tra Ottocento e Novecento$94172668 997 $aUNINA